From renaissance to modernism : permanent exhibition from the collections of the Brno City Museum at Špilberk Castle : [katalog výstavy]

Korporativní autor: Špilberk (hrad)
Jazyk: Angličtina
Vydáno: Brno : Muzeum města Brna, [2001]
Témata:
Fyzický popis: 1 slož. list (11 s.) : barev. il. ; 21 cm
Knihy
Uloženo v:
LEADER 01067nam a2200289 a 4500
001 000570509
003 CZ BrMZK
005 20220120213815.0
007 ta
008 010907s2001 xr eng d
040 |a BOA001  |b cze 
043 |a e-xr---  |b e-xr-jm  |2 czenas 
080 |a 929  |2 MRF 
080 |a (437.322)  |2 MRF 
080 |a (083.824)  |2 MRF 
080 |a 73/76.071.1  |2 MRF 
245 0 0 |a From renaissance to modernism :  |b permanent exhibition from the collections of the Brno City Museum at Špilberk Castle : [katalog výstavy] 
260 |a Brno :  |b Muzeum města Brna,  |c [2001] 
300 |a 1 slož. list (11 s.) :  |b barev. il. ;  |c 21 cm 
500 |a Překlad z češtiny 
650 0 7 |a výtvarné umění  |7 ph116708  |z Brno  |y 1570-1945  |2 czenas 
650 0 7 |a výtvarní umělci  |7 ph116709  |z Brno  |y 1570-1945  |2 czenas 
655 7 |a katalogy výstav  |7 fd132536  |2 czenas 
710 2 |a Špilberk (hrad)  |7 ko2002101842 
910 |a BOA001  |b 2-1093.306 
990 |a BK 
996 6 |b 2610148201  |c 2-1093.306  |l MZK  |r Sklad / do 1 hodiny  |n 0  |p p.v.  |w 000570509  |u 000010  |a 1  |e BOA001  |j MZK50  |s P